00689 a2200193 4500003000400000005001700004008004100021020001800062040000900080082002000089100002400109245009400133250001200227260004900239300001000288942004600298952013400344999001700478OSt20240130132927.0240130b |||||||| |||| 00| 0 eng d a9788182718272 coclc a894.8129bISL/E aIslam, Yusuf910341 aEnthukond Njhan Ippozhum Gittar Kayyilenthunnu= Why I Still Carry a Guitar /cYusuf Islam a1st ed. aKozhikode:bIslamic Publishing House,c2016. a104p. 2ddccBKh894.8129iISL/Ek894.8129mISL/E 00102ddc40708MEMOIRSaMESbMEScISLd2024-01-30l0o894.8129 ISL/Ep45040r2024-01-30 13:41:41v90.00w2024-01-30yBKzGL47R3 c43378d43378